|
|
|
|
| LEADER |
00000nab a2200000 a 4500 |
| 001 |
vtls000414282 |
| 003 |
SK-MaSNL |
| 005 |
20260303205040.0 |
| 008 |
230120c1990 xo 0 slo |
| 015 |
|
|
|a SNBRB19rr/mm-uuuuu
|
| 035 |
|
|
|a CL0414407
|
| 035 |
|
|
|a (urnnbn)urn:nbn:sk:snk:ar-004w7h
|
| 035 |
|
|
|a (uuid)94e2beed-9454-4233-8de1-3f2da5ba2c82
|
| 035 |
|
|
|a urn:nbn:sk:snk-ab7yjw
|
| 040 |
|
|
|a SNKBUCL
|b slo
|c SNKBUCL
|e AACR2
|
| 041 |
0 |
|
|a slo
|
| 044 |
|
|
|a xo
|c SK
|
| 080 |
|
|
|a 930.85
|2 1981
|
| 080 |
|
|
|a 80-051
|2 1981
|
| 080 |
|
|
|a 943.76
|2 1981
|
| 080 |
|
|
|a 05(091)
|2 1981
|
| 080 |
|
|
|a 07
|2 1981
|
| 080 |
|
|
|a 929 Štúr, Ľudovít
|2 1981
|
| 100 |
1 |
|
|a Hučko, Ján,
|d 1929-2001
|4 aut
|9 13721
|
| 245 |
1 |
0 |
|a Úsilie Ľudovíta Štúra o sociálnu prestavbu slovenskej spoločnosti na stránkach Slovenských národných novín
|c Ján Hučko
|
| 300 |
|
|
|b Res. angl., rus., lit. 53 zázn. v slov.
|
| 600 |
1 |
7 |
|a Štúr, Ľudovít,
|d 1815-1856
|2 snkbucl
|9 92872
|
| 630 |
0 |
7 |
|a Slovenské národné noviny
|2 snkbucl
|9 298636
|
| 648 |
|
7 |
|a 1845-1848
|2 snkbucl
|9 298637
|
| 650 |
0 |
7 |
|a publicistika
|2 snkbucl
|9 19168
|
| 655 |
|
7 |
|a štúdie
|2 snkbucl
|9 57033
|
| 655 |
|
7 |
|a články z novín a časopisov
|2 snkbucl
|9 267496
|
| 773 |
0 |
|
|t Historický časopis
|g Roč. 38, č. 4 (1990), s. 500-517
|
| 850 |
|
|
|a Slovenská národná knižnica v Martine
|a MTA001
|
| 852 |
|
|
|a SNK
|b KIS3GCP
|
| 954 |
|
|
|a odborná, vedecká literatúra pôvodná (slovenská)
|2 lita
|
| 958 |
|
|
|a OND
|
| 958 |
|
|
|a BX
|
| 958 |
|
|
|a NB
|
| 958 |
|
|
|a RK
|
| 958 |
|
|
|a EUIPO
|
| 958 |
|
|
|a article9
|
| 992 |
|
|
|a RBX
|
| 999 |
|
|
|c 2193451
|d 2195381
|